Регионална библиотека "Любен Каравелов" - Русе

Разковниче (Запис номер 28938)

MARC детайли
000 -Лидер
Контролно поле с фиксирана дължина 01264nam a2200325 c 4500
003 - Код на организацията, давaща контролен номер
Контролно поле BLK
005 - Дата и час на последна редакция
Контролно поле 20220217125602.0
008 - Елементи от данни с фиксирана дължина
fixed length control field 180407b bul|||||r ||||||| ||bul||
010 ## - Наследен системен номер
LC control number KNG00031542000
020 ## - Международен стандартен номер на книга ISBN
Международен стандартен номер на книга ISBN 954-9548-13-1
020 ## - Международен стандартен номер на книга ISBN
Международен стандартен номер на книга ISBN 954-9548-14-7
040 ## - Източник на каталожния запис
Идентификатор на билиотеката - собственик на записа BLK
041 ## - Код за език
Код за езика на текст/звукозапис или на отделно заглавие Български
Код за езика КДБФ Български
072 #7 - Код за тематичната категория
Код организация bullib
Код за тематична категория РА
Текст Русенски автори
080 ## - УДК
Текстов определител УДК Българска литература
УДК код - определител по УДК 821.163.2
УДК определител -93-1
УДК - код + определител 821.163.2-93-1
100 1# - Редна дума - Автор
Автор Лазарова, Мила
Авторска отговорност първи автор
Автор - информация (биография) Лазарова, Милка Кирилова
R(LIN) 364479
139 ## - Редно поле
Редна дума Лазарова, Мила
Авторски знак Лаз - Л 14
245 10 - Сведения за заглавието
Заглавие Разковниче
Подзаглавни данни Избрана детска поезия
Редно поле (дума) Мила Лазарова; * Милка Кирилова Лазарова.
257 ## - Страна на издаване
Страна на създаване/издаване България
260 ## - Област на издателските данни
Име на издателя, разпространителя и проч. Авангард принт
Година на издаване 2000
300 ## - Физическа характеристика
Страници 64 с.
Размери/Мащаб 20 см
380 ## - Жанр
Жанр Детска худож. лит.
659 ## - Тематичен бюлетин
Тематичен бюлетин К
700 1# - Други автори (авторска отговорност)
Лично име Лазарова, Милка Кирилова
Автороска отговорност (Описва отношението между автора и произведението) *
9 (RLIN) 364480
852 ## - Местоположение
Форматна сигнатура Цб 204249
852 ## - Местоположение
Форматна сигнатура К 821.163.2/Л 14 М
856 4# - Електронен адрес и достъп
Електронен формат pdf - файл
856 4# - Електронен адрес и достъп
Електронен формат pdf - файл
999 ## - СИСТЕМНИ КОНТРОЛНИ НОМЕРА
Koha biblionumber 28938
Koha biblioitemnumber 28938
942 ## - АРТИКУЛИ
Вид на библиотечния материал Книги
Скрит в OPAC Не
Периодичен библиозапис Да
944 ## - СЪЗДАВАНЕ И РЕДАКЦИЯ на ЗАПИСА
Създаване/Редакция Създаване
Дата на регистрацията/редакция 24.02.2003
Служител, извършил регистрацията/редакцията Геновева_Генчева
944 ## - СЪЗДАВАНЕ И РЕДАКЦИЯ на ЗАПИСА
Създаване/Редакция Редакция
Дата на регистрацията/редакция 31.07.2003
999 ## - СИСТЕМНИ КОНТРОЛНИ НОМЕРА
Koha biblioitemnumber 28938
Наличности
Код за отписване Код за изгубен артикул Източник на класификационната схема Код за повреда Коз за рестрикции Код за отдаване Артикулен № Име на библиотеката - собственик Име на библиотеката, в която се намира в момента Статус (Текущо местоположение) Дата на вписване в системата Местоположение - отдел Цена в лева Инвентарен номер Систематично азбучна сигнатура Баркод Номер на екземпляра Цена в евро Служебна бележка Служебен тип на артикула
  Не е изгубен Universal Decimal Classification Не е повреден без рестрикции заемане за дома 46437 Регионална библиотека "Любен Каравелов" Русе Регионална библиотека "Любен Каравелов" Русе Детски отдел 2001-01-01 Детски отдел 3.00 655236 ДХ 886.7/Л 14 120000655236 1 1.53 Дост: Pk Вид: Ф N: стар фонд Дата: 01.01.2001 Дата инв: 04.09.2015 Бележки инв: Д2015 Книги
  Не е изгубен Universal Decimal Classification Не е повреден без рестрикции ползва се в читалня 46438 Регионална библиотека "Любен Каравелов" Русе Регионална библиотека "Любен Каравелов" Русе Краезнание 2001-01-01 Краезнание 2.00 655774 К 821.163.2/Л 14 М 120000655774 2 1.02 Дост: Pk Вид: Ф N: стар фонд Дата: 01.01.2001 Дата инв: 07.11.2017 Бележки инв: К2017 Книги
  Не е изгубен   Не е повреден без рестрикции ползва се в читалня 46439 Регионална библиотека "Любен Каравелов" Русе Регионална библиотека "Любен Каравелов" Русе Хранилище 2003-07-24 Основен фонд - ползва се само за читалня 3.00 120000677901 Цб 204249 120000677901 3 1.53 Дост: DA Вид: А N: 21 Дата: 23.07.2003 Книги
Vip Innovations Ltd, Rousse, Bulgaria 2025